| 000 | 00824nam a2200301Ia 4500 | ||
|---|---|---|---|
| 001 | 2180 | ||
| 003 | IT-RoPAU | ||
| 008 | 130308s9999 xx 000 0 und d | ||
| 040 | _aIT-RoPAU | ||
| 040 | _cIT-RoPAU | ||
| 041 | _aFRANCESE | ||
| 100 | _aBaudin Fernand | ||
| 100 | _gCodice Aut. SPICS: 9444 | ||
| 245 | _aPreparation de la copie (La) | ||
| 245 | _bChose imprimee (La) | ||
| 250 | _a1a ed. | ||
| 260 | _aPARIS | ||
| 260 | _bRetz/Cepl | ||
| 260 | _c1977 [1° Ed.:1977 - Ed.Ling.Originale:1977] | ||
| 300 | _a"20 p. (prefazione: no ; testo: 20 [pagine: 521-540])" | ||
| 500 | _aPreparazione della copia manoscritto preparazione delle Illustrazioni | ||
| 650 | _aENCICLOPEDIE SULL'EDITORIA | ||
| 650 | _eCodice materia Spics: 6601 | ||
| 942 | _cBK | ||
| 957 | _71 | ||
| 999 |
_c49360 _d49360 |
||
| 999 | _bSI | ||
| 999 | _g1 | ||